| 000 | 00489nam a2200181Ia 4500 | ||
|---|---|---|---|
| 005 | 20250508150404.0 | ||
| 008 | 008 250505s9999 xx 000 0 hin d | ||
| 037 | _aTextual | ||
| 040 |
_aFEDL _beng _cFEDL |
||
| 041 |
_ahin _2eng |
||
| 084 |
_a153.42, SCH _qFEDL |
||
| 100 |
_aScherf C. H. _9756565 |
||
| 245 | 0 | _aDo your own thinking | |
| 260 |
_aNew York, USA _bWhittlesey House _c1948 |
||
| 300 | _a368p. | ||
| 942 |
_cTEXL _h153.42, SCH |
||
| 999 |
_c1323365 _d1323365 |
||